Absolutely American : Four years at West Point
Đã lưu trong:
| Príomhúdar: | |
|---|---|
| Formáid: | Leabhar |
| Teanga: | Undetermined |
| Foilsithe: |
New York
Random House Audio
2004
|
| Ábhair: | |
| Clibeanna: |
Cuir Clib Leis
Gan Chlibeanna, Bí ar an gcéad duine leis an taifead seo a chlibeáil!
|
| Thư viện lưu trữ: | Trung tâm Học liệu Trường Đại học Cần Thơ |
|---|
| LEADER | 00579nam a2200205Ia 4500 | ||
|---|---|---|---|
| 001 | CTU_219351 | ||
| 008 | 210402s9999 xx 000 0 und d | ||
| 082 | |a 428.24 | ||
| 082 | |b L767/CD.6 | ||
| 100 | |a Lipsky, David | ||
| 245 | 0 | |a Absolutely American : | |
| 245 | 0 | |b Four years at West Point | |
| 245 | 0 | |c David Lipsky | |
| 260 | |a New York | ||
| 260 | |b Random House Audio | ||
| 260 | |c 2004 | ||
| 650 | |a English language,Ngôn ngữ Anh | ||
| 650 | |x Study and teaching,Học và dạy | ||
| 904 | |i Giang | ||
| 980 | |a Trung tâm Học liệu Trường Đại học Cần Thơ | ||